| 000 | 00895nam a22003017a 4500 | ||
|---|---|---|---|
| 001 | 4765 | ||
| 003 | FISKH | ||
| 005 | 20250826140933.0 | ||
| 008 | 241009b cb ||||| |||| 00| 0 eng d | ||
| 020 | _a0590334670 | ||
| 040 |
_aFISKH _beng _cFISKH _dFISKH |
||
| 050 | _aPZ7.A413 | ||
| 082 | _a813.54 | ||
| 100 |
_aHarry, Allard _d(1928–2017) |
||
| 245 |
_aMiss Nelson is back / _cHarry Allard Jame Marshall |
||
| 250 | _aPrinting in 1982 | ||
| 260 |
_aNew York : _bScholastic, _c1982. |
||
| 300 |
_a32 pages : _bcolor illustrations ; _c23 cm. |
||
| 505 | _aG | ||
| 520 | _aWhen their teacher has to go away for a week, the kids in room 207 plan to "really act up." | ||
| 521 | 8 |
_a320
_bLexile |
|
| 521 | 8 |
_aG
_bRaz-Plus |
|
| 650 |
_2Picture book _aSchool |
||
| 650 |
_2Children _aBehavior |
||
| 700 |
_aMarshall, James _dIllustrator |
||
| 942 |
_2ddc _cBK _n0 |
||
| 999 |
_c4765 _d4765 |
||